O ZÁKLADNÉ DIELO MATERIALISTICKEJ FILOZOFIE

Bibliographic Details
Main Author: Valehrach, Bohumil, 1922-2001 (Author)
Format: Article
Language:Slovak
Subjects:

MARC

LEADER 00000nab a2200000Ia 4500
001 vtls010728775
003 SK-MaSNL
005 20260304210608.0
008 250709|1950 xo |||||||||||||||||slo|
035 |a (urnnbn)urn:nbn:sk:snk:ar-a05364 
035 |a (uuid)4fc4d8ad-3a64-47b3-9efb-e02b1a785ca5 
035 |a urn:nbn:sk:snk-ab3rxj 
040 |a SNKBUCL  |b slo  |c SNKBUCL  |e AACR2 
041 0 |a slo 
044 |a xo  |c SK 
080 |a 141.12:162.6  |2 2001 
100 1 |a Valehrach, Bohumil,  |d 1922-2001  |4 aut  |9 222920 
245 1 0 |a O ZÁKLADNÉ DIELO MATERIALISTICKEJ FILOZOFIE  |c Bohumil Valehrach 
600 1 7 |a Lenin, Vladimir Iľjič,  |d 1870-1924  |2 SNKMA  |9 101472 
650 0 7 |a dialektický materializmus  |2 SNKPH  |9 60755 
650 0 7 |a leninizmus  |2 SNK  |9 70005 
773 0 |t Filozofický sborník Slovenskej akadémie vied a umení  |g Roč. 5, č. 5 (1950), s. 77-78 
850 |a Slovenská národná knižnica 
852 |a Slovenská národná knižnica 
954 |a odborná, vedecká literatúra pôvodná (slovenská)  |2 lita 
958 |a article1 
958 |a OND 
958 |a EUIPO 
999 |c 3126735  |d 3128665